<?xml version="1.0" encoding="UTF-8"?><?xml-stylesheet type="text/xsl" href="static/style.xsl"?><OAI-PMH xmlns="http://www.openarchives.org/OAI/2.0/" xmlns:xsi="http://www.w3.org/2001/XMLSchema-instance" xsi:schemaLocation="http://www.openarchives.org/OAI/2.0/ http://www.openarchives.org/OAI/2.0/OAI-PMH.xsd"><responseDate>2026-04-27T03:43:11Z</responseDate><request verb="GetRecord" identifier="oai:repisalud.isciii.es:20.500.12105/22610" metadataPrefix="marc">https://repisalud.isciii.es/rest/oai/request</request><GetRecord><record><header><identifier>oai:repisalud.isciii.es:20.500.12105/22610</identifier><datestamp>2024-11-29T04:30:54Z</datestamp><setSpec>com_20.500.12105_15322</setSpec><setSpec>com_20.500.12105_2051</setSpec><setSpec>col_20.500.12105_16967</setSpec></header><metadata><record xmlns="http://www.loc.gov/MARC21/slim" xmlns:dcterms="http://purl.org/dc/terms/" xmlns:doc="http://www.lyncode.com/xoai" xmlns:xsi="http://www.w3.org/2001/XMLSchema-instance" xsi:schemaLocation="http://www.loc.gov/MARC21/slim http://www.loc.gov/standards/marcxml/schema/MARC21slim.xsd">
   <leader>00925njm 22002777a 4500</leader>
   <datafield ind2=" " ind1=" " tag="042">
      <subfield code="a">dc</subfield>
   </datafield>
   <datafield ind2=" " ind1=" " tag="720">
      <subfield code="a">Uriol Rivera, Miguel G</subfield>
      <subfield code="e">author</subfield>
   </datafield>
   <datafield ind2=" " ind1=" " tag="720">
      <subfield code="a">Cabello Pelegrin, Sheila</subfield>
      <subfield code="e">author</subfield>
   </datafield>
   <datafield ind2=" " ind1=" " tag="720">
      <subfield code="a">Ballester Ruiz, Maria del Carmen</subfield>
      <subfield code="e">author</subfield>
   </datafield>
   <datafield ind2=" " ind1=" " tag="720">
      <subfield code="a">López Andrade, Bernardo</subfield>
      <subfield code="e">author</subfield>
   </datafield>
   <datafield ind2=" " ind1=" " tag="720">
      <subfield code="a">Lumbreras, Javier</subfield>
      <subfield code="e">author</subfield>
   </datafield>
   <datafield ind2=" " ind1=" " tag="720">
      <subfield code="a">Obrador-Mulet, Aina</subfield>
      <subfield code="e">author</subfield>
   </datafield>
   <datafield ind2=" " ind1=" " tag="720">
      <subfield code="a">Perez Montana, Albert</subfield>
      <subfield code="e">author</subfield>
   </datafield>
   <datafield ind2=" " ind1=" " tag="720">
      <subfield code="a">Ferreruela Serlavos, Mireia</subfield>
      <subfield code="e">author</subfield>
   </datafield>
   <datafield ind2=" " ind1=" " tag="720">
      <subfield code="a">Ayestaran Rota, Jose Ignacio</subfield>
      <subfield code="e">author</subfield>
   </datafield>
   <datafield ind2=" " ind1=" " tag="720">
      <subfield code="a">Ferrer Balaguer, Juana Maria</subfield>
      <subfield code="e">author</subfield>
   </datafield>
   <datafield ind2=" " ind1=" " tag="720">
      <subfield code="a">Delgado Sanchez, Olga</subfield>
      <subfield code="e">author</subfield>
   </datafield>
   <datafield ind2=" " ind1=" " tag="720">
      <subfield code="a">Pallares-Ferreres, Lucio</subfield>
      <subfield code="e">author</subfield>
   </datafield>
   <datafield ind2=" " ind1=" " tag="720">
      <subfield code="a">Mas Bonet, Antonio</subfield>
      <subfield code="e">author</subfield>
   </datafield>
   <datafield ind2=" " ind1=" " tag="720">
      <subfield code="a">Picado Valles, Maria Jose</subfield>
      <subfield code="e">author</subfield>
   </datafield>
   <datafield ind2=" " ind1=" " tag="720">
      <subfield code="a">Ruiz de Gopegui, Rosa</subfield>
      <subfield code="e">author</subfield>
   </datafield>
   <datafield ind2=" " ind1=" " tag="260">
      <subfield code="c">2018-11-02</subfield>
   </datafield>
   <datafield ind2=" " ind1=" " tag="520">
      <subfield code="a">Background: Thrombotic microangiopathy (TMA) is an important complication associated with several diseases that are rare and life-threatening. TMA is common to thrombotic thrombocytopenic purpura (TTP) and hemolytic uremic syndrome (HUS). TTP is defined by a severe deficiency of ADAMTS13, and early treatment is associated with good prognosis. The diagnosis of HUS can be difficult due to the potential multiple etiologies, and the best treatment option in most cases is not well-established yet. The implementation of a multidisciplinary team (MDT) could decrease the time to diagnosis and treatment for HUS and may improve the outcomes of these patients. Objective: To determine the impact of MDT on morbidity and mortality [death or chronic renal replacement therapy (CRRT) requirements], incidence and response time [(RT) defined as the period between hospital admission and the first day of direct therapy administration], length of stay at an intensive care unit (ICU-LOS) and total hospitalization (T-LOS) were also assessed. Methods We compared a pre-MDT implementation period (from January/2008 to May/2016) versus post-MDT period (from May/2016 to December/2016). The screening TMA diagnosis was made according the following criteria: hemolytic anemia, thrombocytopenia and acute renal damage and without ADAMTS13 deficiency. An online chat was implemented to provide instant medical information. Results: Twenty-eight patients were included. The incidence changed from 2.3 cases/pre-MDT: (all cases: n = 18) to 10 cases/year post-MDT (all cases: n = 10). Two patients died in pre-MDT and post- MDT (11% versus 20%, P= 0.60). From pre-MDT, the number of patients who required CRRT by post-MDT decreased from 7 (39%) to 0, P= 0.03. Similarly, RT, ICULOS and T-LOS [median(p25-p75)] decreased from 10 (2-12) days to 0.5 (0-1.5) days, P= 0.04, from 16 (9-30) days to 10 (4-13) days, P= 0.01 and from 33 (22-53) days to 16 (1232) days, P &lt; 0.01, respectively. Conclusion: MDT implementation was associated with a greater number of patients who meet TMA criteria. A decrease in the RT and T-LOS periods were observed and associated with better outcomes in these patients.</subfield>
   </datafield>
   <datafield ind1="8" ind2=" " tag="024">
      <subfield code="a">Uriol Rivera MG, Cabello Pelegrin S, Ballester Ruiz MC, Lopez-Andrade B, Lumbreras Fernández J, Obrador Mulet A, et al. Impact of a multidisciplinary team for the management of thrombotic microangiopathy. PLoS One. 2018 Nov 02;13(11):e0206558.</subfield>
   </datafield>
   <datafield ind1="8" ind2=" " tag="024">
      <subfield code="a">1932-6203</subfield>
   </datafield>
   <datafield ind1="8" ind2=" " tag="024">
      <subfield code="a">http://hdl.handle.net/20.500.13003/9030</subfield>
   </datafield>
   <datafield ind1="8" ind2=" " tag="024">
      <subfield code="a">https://hdl.handle.net/20.500.12105/22610</subfield>
   </datafield>
   <datafield ind1="8" ind2=" " tag="024">
      <subfield code="a">30388144</subfield>
   </datafield>
   <datafield ind1="8" ind2=" " tag="024">
      <subfield code="a">10.1371/journal.pone.0206558</subfield>
   </datafield>
   <datafield ind1="8" ind2=" " tag="024">
      <subfield code="a">PloS One</subfield>
   </datafield>
   <datafield ind1="8" ind2=" " tag="024">
      <subfield code="a">2-s2.0-85056069800</subfield>
   </datafield>
   <datafield ind1="8" ind2=" " tag="024">
      <subfield code="a">449289800042</subfield>
   </datafield>
   <datafield ind1="8" ind2=" " tag="024">
      <subfield code="a">L624736664</subfield>
   </datafield>
   <datafield ind2="0" ind1="0" tag="245">
      <subfield code="a">Impact of a multidisciplinary team for the management of thrombotic microangiopathy</subfield>
   </datafield>
</record></metadata></record></GetRecord></OAI-PMH>